Investigación de Mercados Un enfoque aplicado / Naresh K. Malhotra (Registro nro. 26273)

Detalles MARC
000 -LÍDER
fixed length control field 00539nam a2200145 4500
020 ## - NÚMERO INTERNACIONAL NORMALIZADO PARA LIBROS
ISBN 978-970-26-1185-1
050 ## - SIGNATURA TOPOGRAFICA DE LA BIBLIOTECA DEL CONGRESO (LC)
Número de Clasificación HF5415.2 M3518 2008
082 ## - NUMERO DE CLASIFICACION DECIMAL DEWEY
Número de Clasificación 658.83 M249i
100 ## - ASIENTO PRINCIPAL--NOMBRE PERSONAL
Nombre personal Malhotra, Naresh K.
245 ## - TÍTULO
Título Investigación de Mercados Un enfoque aplicado / Naresh K. Malhotra
250 ## - MENCIÓN DE EDICIÓN
Mención de edición 5
260 ## - PUBLICACIÓN, DISTRIBUCIÓN, ETC. (PIE DE IMPRENTA)
Lugar de publicación, distribución, etc. México : Pearson Educación
300 ## - DESCRIPCIÓN FÍSICA
Extensión xxix, 811 p. p g.varía / 27 cm.
650 ## - ASIENTO SECUNDARIO DE MATERIA - TERMINO TEMÁTICO
Término temático o nombre geográfico como elemento de entrada 1. INVESTIGACION DE MERCADOS 2. MERCADOTECNIA
Existencias
No. biblioteca No. biblioteca Número de clasificación Código de barras/Número de adquisición Número de copia Tipo de material
ÁREA DE ELECTROMECÁNICA ÁREA DE ELECTROMECÁNICA 658.83 M249i 50646 1 Libros
ÁREA DE ELECTROMECÁNICA ÁREA DE ELECTROMECÁNICA 658.83 M249i 50647 2 Libros
ÁREA DE ELECTROMECÁNICA ÁREA DE ELECTROMECÁNICA 658.83 M249i 50869 3 Libros
ÁREA DE ELECTROMECÁNICA ÁREA DE ELECTROMECÁNICA 658.83 M249i 50870 4 Libros
Calzada Tecnológico # 27, Zacatepec, Morelos.
01(734) 343-07-23 / 343-21-10 / 343-21-11
Apdo. Postal 45 C.P 62780